<?xml version="1.0" encoding="UTF-8"?><?xml-stylesheet type="text/xsl" href="static/style.xsl"?><OAI-PMH xmlns="http://www.openarchives.org/OAI/2.0/" xmlns:xsi="http://www.w3.org/2001/XMLSchema-instance" xsi:schemaLocation="http://www.openarchives.org/OAI/2.0/ http://www.openarchives.org/OAI/2.0/OAI-PMH.xsd"><responseDate>2026-04-14T13:11:56Z</responseDate><request verb="GetRecord" identifier="oai:uvadoc.uva.es:10324/36734" metadataPrefix="marc">https://uvadoc.uva.es/oai/request</request><GetRecord><record><header><identifier>oai:uvadoc.uva.es:10324/36734</identifier><datestamp>2025-03-26T19:10:03Z</datestamp><setSpec>com_10324_36327</setSpec><setSpec>com_10324_954</setSpec><setSpec>com_10324_894</setSpec><setSpec>com_10324_1159</setSpec><setSpec>com_10324_931</setSpec><setSpec>col_10324_36329</setSpec><setSpec>col_10324_1310</setSpec></header><metadata><record xmlns="http://www.loc.gov/MARC21/slim" xmlns:doc="http://www.lyncode.com/xoai" xmlns:xsi="http://www.w3.org/2001/XMLSchema-instance" xmlns:dcterms="http://purl.org/dc/terms/" xsi:schemaLocation="http://www.loc.gov/MARC21/slim http://www.loc.gov/standards/marcxml/schema/MARC21slim.xsd">
<leader>00925njm 22002777a 4500</leader>
<datafield tag="042" ind1=" " ind2=" ">
<subfield code="a">dc</subfield>
</datafield>
<datafield tag="720" ind1=" " ind2=" ">
<subfield code="a">Cabria Álvaro, Iván</subfield>
<subfield code="e">author</subfield>
</datafield>
<datafield tag="260" ind1=" " ind2=" ">
<subfield code="c">2019</subfield>
</datafield>
<datafield tag="520" ind1=" " ind2=" ">
<subfield code="a">The computational effort to calculate the magnetostatic dipolar energy, MDE, of a periodic cell of N magnetic moments&#xd;
is an O(N2) task. Compared with the calculation of the Exchange and Zeeman energy terms, this is the most&#xd;
computationally expensive part of the atomistic simulations of the magnetic properties of large periodic magnetic&#xd;
systems. Two strategies to reduce the computational effort have been studied: An analysis of the traditional Ewald&#xd;
method to calculate the MDE of periodic systems and parallel calculations. The detailed analysis reveals that, for certain&#xd;
types of periodic systems, there are many matrix elements of the Ewald method identical to another elements, due&#xd;
to some symmetry properties of the periodic systems. Computation timing experiments of the MDE of large periodic&#xd;
Ni fcc nanowires, slabs and spheres, up to 32000 magnetic moments in the periodic cell, have been carried out and&#xd;
they show that the number of matrix elements that should be calculated is approximately equal to N, instead of N2/2,&#xd;
if these symmetries are used, and that the computation time decreases in an important amount. The time complexity&#xd;
of the analysis of the symmetries is O(N3), increasing the time complexity of the traditional Ewald method. MDE is&#xd;
a very small energy and therefore, the usual required precision of the calculation of the MDE is so high, about 10−6&#xd;
eV/cell, that the calculations of large periodic magnetic systems are very expensive and the use of the symmetries&#xd;
reduces, in practical terms, the computation time of the MDE in a significant amount, in spite of the increase of the&#xd;
time complexity. The second strategy consists on parallel calculations of the MDE without using the symmetries of&#xd;
the periodic systems. The parallel calculations have been compared with serial calculations that use the symmetries.</subfield>
</datafield>
<datafield tag="024" ind2=" " ind1="8">
<subfield code="a">Applied Surface Science, 2019, vol. 490. p. 352-364</subfield>
</datafield>
<datafield tag="024" ind2=" " ind1="8">
<subfield code="a">0169-4332</subfield>
</datafield>
<datafield tag="024" ind2=" " ind1="8">
<subfield code="a">http://uvadoc.uva.es/handle/10324/36734</subfield>
</datafield>
<datafield tag="024" ind2=" " ind1="8">
<subfield code="a">10.1016/j.apsusc.2019.05.307</subfield>
</datafield>
<datafield tag="245" ind1="0" ind2="0">
<subfield code="a">Magnetostatic Dipolar Energy of Large Periodic Ni fcc Nanowires, Slabs and Spheres</subfield>
</datafield>
</record></metadata></record></GetRecord></OAI-PMH>